| 000 | 00877nam a2200301Ia 4500 | ||
|---|---|---|---|
| 008 | 160803s9999 xx 000 0 und d | ||
| 020 | _a 978-0142409336 | ||
| 100 | _aSpringer, Nancy | ||
| 245 | 4 | _aThe case of the missing marquess : | |
| 245 | _ban Enola Holmes mystery / | ||
| 245 | _cNancy Springer. | ||
| 260 | _aNew York : | ||
| 260 | _bScholastic Inc. | ||
| 260 | _c2006 | ||
| 300 | _a216 pages ; | ||
| 300 | _c19 cm | ||
| 650 | _aCharacters and characteristics in literature -- | ||
| 650 | _aGreat Britain -- History -- 19th century -- | ||
| 650 | _aLondon (England) -- History -- 19th century -- | ||
| 650 | _aMissing persons -- | ||
| 650 | _aMothers -- | ||
| 650 | _xJuvenile fiction. | ||
| 650 | _xJuvenile fiction. | ||
| 650 | _xJuvenile fiction. | ||
| 650 | _xJuvenile fiction. | ||
| 650 | _xJuvenile fiction. | ||
| 700 | _a1020 | ||
| 999 |
_c298634 _d298634 |
||